Score 0/40 Timer 04:00
4 Plays Today
Actor Yes or No % Correct
Tim Allen???
93.5%
Julia Roberts???
87.6%
Macaulay Culkin???
85.3%
Jonah Hill???
82.8%
Liv Tyler???
82.1%
Owen Wilson???
81.6%
Cate Blanchett???
81.5%
Sandra Bullock???
81.2%
Kate Hudson???
80.8%
Tom Hardy???
80.2%
Jennifer Connelly???
79.5%
Marlon Brando???
78.4%
Kim Basinger???
77.4%
Joaquin Phoenix???
76.8%
Jason Statham???
76.5%
Steven Spielberg???
76.5%
Robin Wright???
75.8%
Ed Harris???
75.2%
Morgan Freeman???
71.4%
Viggo Mortensen???
71.3%
Actor Yes or No % Correct
Ian McKellen???
70.3%
Ben Kingsley???
70%
Grace Kelly???
69.1%
Simon Pegg???
67.6%
Gwyneth Paltrow???
66.9%
Ingrid Bergman???
66.9%
Lupita Nyong'o???
66.6%
Johnny Depp???
66.5%
Will Ferrell???
62.1%
Michael Fassbender ???
59%
Gary Oldman???
58.6%
Ben Stiller???
57.6%
Olivia Wilde???
57.1%
Alfred Molina ???
56%
Chris Rock???
54.7%
Martin Sheen???
52.3%
Russell Crowe???
46.8%
Gene Wilder???
37.9%
Zoe Saldana ???
31.9%
Joan Cusack???
31%

You're not logged in!

Compare scores with friends on all Sporcle quizzes.
OR
Log In

Sporcle TV

Today on Sporcle TV


Watch our educational content, quiz creation guides, and fun videos on Sporcle TV.

Show Comments

Extras

Top Quizzes Today


Score Distribution

Paid Content

Your Account Isn't Verified!

In order to create a playlist on Sporcle, you need to verify the email address you used during registration. Go to your Sporcle Settings to finish the process.

Report this User

Report this user for behavior that violates our Community Guidelines.

Details: